000 00483nam a2200145 a 4500
005 20140414132117.0
008 111026s19uu xx 00 eng d
020 _a0590446886
050 _aM 567.9
_bC67 1992
100 _aCole, Joanna.
245 _aThe magic school bus : in the time of the dinosaurs /
_cby Joanna Cole ; illustrated by Bruce Degen.
260 _aNew York :
_bScholastic,
_cc1994.
650 _aDinosaurs
_xPictorial works -
_xJuvenile literature.
999 _c114945
_d114945